Statistics for Countries that Start with 'D' - Hard Version

Click here to take the quiz!

General Stats

  • This quiz has been taken 91 times
  • The average score is 6 of 8

Answer Stats

First LetterType-In Starting With DAnswer% Correct
DDenmarkDenmark
98%
DDjiboutiDjibouti
92%
DD. R. CongoD. R. Congo
86%
DDominicaDominica
85%
DDominican RepublicDominican Republic
85%
RDCongoRepublic of the Congo
72%
FDMicronesiaF. S. Micronesia
60%
NDPRKNorth Korea
35%

Score Distribution

Percentile by Number Answered

Percent of People with Each Score

Your Score History

You have not taken this quiz